| 000 | 02580cam a22005417a 4500 | ||
|---|---|---|---|
| 999 |
_c529995 _d529995 |
||
| 001 | 15828909 | ||
| 003 | NUST | ||
| 005 | 20191008132624.0 | ||
| 008 | 090722s2008 dcuak bt f000 0 eng c | ||
| 010 | _a 2008906008 | ||
| 020 | _a9780309098113 (softcover) | ||
| 020 | _a0309098114 (softcover) | ||
| 035 | _a(OCoLC)ocn298560619 | ||
| 038 | _aMSOHAIL | ||
| 040 |
_aJCR _cJCR _dPAU _dOHDOT _dCUT _dIQU _dTRL _dDLC |
||
| 042 | _apcc | ||
| 050 | 0 | 0 |
_aTE211 _b.P87 2008 |
| 082 | 0 | 0 |
_a625.732 _222 |
| 100 | 1 |
_aPuppala, Anand J. _923192 |
|
| 245 | 1 | 0 |
_aEstimating stiffness of subgrade and unbound materials for pavement design / _cconsultant, Anand J. Puppala. |
| 260 |
_aWashington, D.C. : _bTransportation Research Board, _c2008. |
||
| 300 |
_a132 p. : _bill., form ; _c28 cm. |
||
| 490 | 1 |
_aNCHRP synthesis, _x0547-5570 ; _v382 |
|
| 500 | _aAt head of title: National Cooperative Highway Research Program. | ||
| 500 | _a"Research sponsored by the American Association of State Highway and Transportation Officials in cooperation with the Federal Highway Administration." | ||
| 500 | _a"A synthesis of highway practice." | ||
| 504 | _aIncludes bibliographical references (p. 87-94). | ||
| 530 | _aAlso available online. | ||
| 536 | _fNCHRP project 20-5, topic 38-09 | ||
| 650 | 0 |
_aPavements _xSubgrades _xTesting. _923193 |
|
| 650 | 0 |
_aRoads _xSubgrades _xTesting. _922991 |
|
| 650 | 0 |
_aRoads _xBase courses _xTesting. _923194 |
|
| 650 | 0 |
_aPavements _xSubgrades _xMaterials _xTesting. _923195 |
|
| 650 | 0 |
_aSoils _xTesting. _921515 |
|
| 650 | 0 |
_aSoil mechanics. _9558 |
|
| 650 | 0 |
_aPavements _xDesign and construction. _9916 |
|
| 650 | 7 |
_aModulus of resilience. _2trt _923196 |
|
| 710 | 2 |
_aNational Research Council (U.S.). _bTransportation Research Board. _923197 |
|
| 710 | 2 |
_aNational Cooperative Highway Research Program. _920864 |
|
| 710 | 2 |
_aAmerican Association of State Highway and Transportation Officials. _919553 |
|
| 710 | 1 |
_aUnited States. _bFederal Highway Administration. _920149 |
|
| 830 | 0 |
_aSynthesis of highway practice ; _v382. _923198 |
|
| 856 | 4 | 1 |
_3TRB access _uhttp://onlinepubs.trb.org/onlinepubs/nchrp/nchrp_syn_382.pdf |
| 856 | 4 | 1 |
_uhttp://onlinepubs.trb.org/onlinepubs/nchrp/nchrp%5Fsyn%5F382.pdf _zClick to connect to this title online |
| 906 |
_a7 _bcbc _cpccadap _d2 _eepcn _f20 _gy-gencatlg |
||
| 942 |
_2ddc _cBK |
||